Гидрогеологические характеристики реки Абакан; Проблемы геологии и освоения недр

التفاصيل البيبلوغرافية
Parent link:Проблемы геологии и освоения недр.— 2009.— С. 183-186
المؤلف الرئيسي: Баранова К. Ю.
مؤلفون آخرون: Копылова Ю. Г. (научный руководитель), Гусев Н. В.
اللغة:الروسية
منشور في: 2009
الموضوعات:
التنسيق: MixedMaterials فصل الكتاب
KOHA link:https://koha.lib.tpu.ru/cgi-bin/koha/opac-detail.pl?biblionumber=180826

MARC

LEADER 00000naa2a2200000 4500
001 180826
005 20231031170905.0
035 |a (RuTPU)RU\TPU\book\196030 
090 |a 180826 
100 |a 20100526d2009 k y0rusy50 ca 
101 0 |a rus 
102 |a RU 
200 1 |a Гидрогеологические характеристики реки Абакан  |f К. Ю. Баранова  |g науч. рук. Ю. Г. Копылова ; науч. рук. Н. В. Гусев 
320 |a Библиогр.: 2 назв. 
463 0 |0 (RuTPU)RU\TPU\book\186895  |y 978-5-98298-569-9  |t Проблемы геологии и освоения недр  |o труды XIII Международного симпозиума имени академика М. А. Усова студентов и молодых ученых, посвященного 110-летию со дня рождения К. В. Радугина  |f Томский политехнический университет (ТПУ), Институт геологии и нефтегазового дела (ИГНД)  |v С. 183-186  |d 2009  |p 993 с. 
610 1 |a реки 
610 1 |a Абакан 
610 1 |a гидрогеологическая характеристика 
610 1 |a Хакасия 
610 1 |a Она 
610 1 |a водные ресурсы 
610 1 |a труды учёных ТПУ 
700 1 |a Баранова  |b К. Ю. 
702 1 |a Копылова  |b Ю. Г.  |4 727 
702 1 |a Гусев  |b Н. В.  |4 727 
801 1 |a RU  |b 63413507  |c 20100526 
942 |c BK